[Event "1700s Anonymous"]
[Site "SchemingMind.com"]
[Date "2016.04.06"]
[Round "-"]
[White "David Hartley"]
[Black "Clive Everill"]
[Result "1-0"]
[WhiteCountry "ENG"]
[BlackCountry "CZE"]
[WhiteElo "1790"]
[WhiteRD "70"]
[BlackElo "1669"]
[BlackRD "60"]
[GameID "397725"]

1. g3 d5 2. Bg2 Nf6 3. Nf3 Nc6 4. d4 Bf5 5. O-O Qd7 6. Nbd2 h6 7. Ne5 Nxe5 8. dxe5 Ng4 9. Nf3 O-O-O 10. h3 Nxf2
11. Kxf2 Bxh3 12. Bxh3 Qxh3 13. Rh1 Qf5 14. Qd3 Qd7 15. Bd2 e6 16. Raf1 Qa4 17. a3 c5 18. Qb3 Qd7 19. e3 g5 20. Nxg5 Bg7
21. Nf3 f5 22. Ke1 Kb8 23. Bc3 c4 24. Qa2 Rdg8 25. Qb1 Bf8 26. Rfg1 Rg4 27. Kd2 Rhg8 28. Qe1 Qg7 29. Rh3 Bc5 30. Kc1 Re4
31. Bd2 Rg4 32. Rg2 Qe7 33. Rxh6 d4 34. exd4 Bxd4 35. Nxd4 Rxd4 36. Qf2 Rgd8 37. Qe1 Re4 38. Re2 Red4 39. c3 Rd3 40. Reh2 b5
41. Qh1 Qd7 42. Rh8 Rxg3 43. Rxd8+ Qxd8 44. Rh8 Rg8 45. Rh7 Qc8 46. Be3
1-0

[Event "1700s Anonymous"]
[Site "SchemingMind.com"]
[Date "2016.04.06"]
[Round "-"]
[White "Clive Everill"]
[Black "David Hartley"]
[Result "0-1"]
[WhiteCountry "CZE"]
[BlackCountry "ENG"]
[WhiteElo "1669"]
[WhiteRD "60"]
[BlackElo "1790"]
[BlackRD "70"]
[GameID "397726"]

1. Nf3 Nf6 2. c4 g6 3. d4 Bg7 4. g3 O-O 5. Bg2 d6 6. O-O Nbd7 7. Nc3 e5 8. e4 exd4 9. Nxd4 Nc5 10. h3 Re8
11. Re1 Bd7 12. Bf4 Rb8 13. b4 Ne6 14. Nxe6 Bxe6 15. Qd3 Qd7 16. Kh2 b6 17. b5 Re7 18. e5 dxe5 19. Qxd7 Rxd7 20. Bxe5 Bxc4
21. Bc6 Re7 22. a4 Kf8 23. Re3 Ne8 24. Bxg7+ Nxg7 25. Rae1 Rxe3 26. Rxe3 Rd8 27. Ne4 Ne6 28. Nf6 Kg7 29. Ne8+ Kf8 30. Nf6 h5
31. Nd7+ Kg7 32. Re4 Bd3 33. Re3 Bf5 34. h4 Nd4 35. Ne5 f6 36. Nd7 Nxc6 37. bxc6 Bxd7 38. Re7+ Kf8 39. Rxd7 Rxd7 40. cxd7 Ke7
41. Kh3 Kxd7 42. f3 c5 43. g4 c4
0-1

[Event "1700s Anonymous"]
[Site "SchemingMind.com"]
[Date "2016.04.12"]
[Round "-"]
[White "David Hartley"]
[Black "Scooter"]
[Result "1/2-1/2"]
[WhiteCountry "ENG"]
[BlackCountry "USA"]
[WhiteElo "1790"]
[WhiteRD "70"]
[BlackElo "1731"]
[BlackRD "47"]
[GameID "397793"]

1. e4 c6 2. c4 d5 3. exd5 cxd5 4. d4 Nf6 5. Nc3 e6 6. Nf3 Bb4 7. Bd2 O-O 8. c5 Nc6 9. a3 Bxc3 10. Bxc3 a6
11. b4 Re8 12. Bd3 b5 13. O-O Bb7 14. Re1 h6 15. Qc2 Qc7 16. Re2 Rac8 17. Rae1 Nd7 18. Qc1 Re7 19. Bd2 Rce8 20. Ne5 Ndxe5
21. dxe5 Nd4 22. Re3 Nb3 23. Qb2 Nxd2 24. Qxd2 Qc6 25. Rg3 Kh8 26. Rh3 d4 27. Rxh6+ Kg8 28. Re4 Qxe4 29. Bxe4 gxh6 30. Bxb7 Rxb7
31. Qxh6 d3 32. Qg5+ Kf8 33. Qh6+ Ke7 34. Qf6+ Kf8 35. Qh6+ Ke7 36. Qf6+ Kf8=
1/2-1/2

[Event "1700s Anonymous"]
[Site "SchemingMind.com"]
[Date "2016.04.12"]
[Round "-"]
[White "Scooter"]
[Black "David Hartley"]
[Result "0-1"]
[WhiteCountry "USA"]
[BlackCountry "ENG"]
[WhiteElo "1731"]
[WhiteRD "47"]
[BlackElo "1790"]
[BlackRD "70"]
[GameID "397794"]

1. d4 d5 2. Nf3 c5 3. Bf4 Nc6 4. e3 Nf6 5. c3 e6 6. Bb5 Bd7 7. O-O Be7 8. Nbd2 O-O 9. Bxc6 Bxc6 10. h3 Rc8
11. Ne5 cxd4 12. exd4 h6 13. Ndf3 Bd6 14. Nxc6 Rxc6 15. Bxd6 Qxd6 16. Ne5 Rc7 17. Re1 Nd7 18. Nxd7 Rxd7 19. Re5 Re8 20. Qe2 Rde7
21. b3 f6 22. Re3 e5 23. dxe5 Rxe5 24. Rxe5 Rxe5 25. Qd2 Qe7 26. Kf1 Kf7 27. Re1 b6 28. Rxe5 Qxe5 29. Qe3 Qxe3 30. fxe3 Ke6
31. Kf2 Kf5 32. Kf3 b5 33. b4 h5 34. h4 g5 35. g3 g4+ 36. Kf2 Ke4 37. Ke2 f5 38. Kd2 Kf3
0-1

[Event "1700s Anonymous"]
[Site "SchemingMind.com"]
[Date "2016.04.08"]
[Round "-"]
[White "Clive Everill"]
[Black "Scooter"]
[Result "0-1"]
[WhiteCountry "CZE"]
[BlackCountry "USA"]
[WhiteElo "1697"]
[WhiteRD "62"]
[BlackElo "1710"]
[BlackRD "48"]
[GameID "397795"]

1. e4 c6 2. d4 d5 3. Nc3 dxe4 4. Nxe4 Bf5 5. Ng3 Bg6 6. h4 h6 7. Nf3 Nd7 8. h5 Bh7 9. Bd3 Bxd3 10. Qxd3 Qc7
11. Bd2 O-O-O 12. O-O-O Ngf6 13. Qe2 e6 14. Ne5 Nxe5 15. dxe5 Nd7 16. f4 Bc5 17. Ne4 Be7 18. Be3 Nb6 19. c4 Rxd1+ 20. Rxd1 Rd8
21. Rxd8+ Qxd8 22. g3 f5 23. exf6 gxf6 24. b3 f5 25. Nc3 Qd7 26. Kc2 Bf6 27. Qf2 Qg7 28. Nd1 Kb8 29. a4 Nc8 30. b4 b6
31. c5 Kb7 32. cxb6 axb6 33. Qf3 Nd6 34. Kb3 Ne4 35. Nf2 Qxg3 36. Qxg3 Nxg3 37. Nd3 Nxh5 38. Kc4 Ng3 39. b5 cxb5+ 40. axb5 h5
41. Nf2 Nf1 42. Bc1 Bh4 43. Nd3 Bg3 44. Ne5 h4 45. Nf3 h3 46. Kd4 Kc7 47. Ke5 Kd7 48. Kf6 h2 49. Nxh2 Bxh2 50. Ke5 Bg1
51. Ba3 Nd2 52. Bd6 Nc4+
0-1

[Event "1700s Anonymous"]
[Site "SchemingMind.com"]
[Date "2016.04.08"]
[Round "-"]
[White "Scooter"]
[Black "Clive Everill"]
[Result "1-0"]
[WhiteCountry "USA"]
[BlackCountry "CZE"]
[WhiteElo "1710"]
[WhiteRD "48"]
[BlackElo "1697"]
[BlackRD "62"]
[GameID "397796"]

1. d4 d5 2. Nf3 Nf6 3. Bf4 c5 4. e3 Nc6 5. c3 Qb6 6. Qb3 c4 7. Qxb6 axb6 8. Be2 Bf5 9. O-O e6 10. Nbd2 b5
11. Ne5 Na7 12. b3 Ba3 13. Rae1 Bb2 14. Nb1 Nc6 15. g4 Bxb1 16. Rxb1 Bxc3 17. Nxc6 bxc6 18. b4 Rxa2 19. Bf3 Rb2 20. Ra1 O-O
21. Ra6 Bxb4 22. Rxc6 Ra8 23. Rb6 Bf8 24. g5 Ne4 25. Bxe4 dxe4 26. Rc1 h6 27. g6 fxg6 28. Rxe6 g5 29. Be5 Raa2 30. Bg3 Ba3
31. Rxe4 Rxf2 32. Bxf2 Bxc1 33. Re8+ Kf7 34. Rb8 Ra1 35. Kg2 Rb1 36. Rb7+ Kf6 37. Rb6+ Kf5 38. d5 Ba3 39. d6 Bc5 40. e4+ Kxe4
41. Bxc5 c3 42. d7 Rd1 43. Rd6 Rxd6 44. Bxd6 c2 45. Ba3 b4 46. Bc1
1-0

[Event "1700s Anonymous"]
[Site "SchemingMind.com"]
[Date "2016.05.04"]
[Round "-"]
[White "David Hartley"]
[Black "basicmann"]
[Result "0-1"]
[WhiteCountry "ENG"]
[BlackCountry "USA"]
[WhiteElo "1824"]
[WhiteRD "70"]
[BlackElo "1862"]
[BlackRD "95"]
[GameID "398677"]

1. c4 Nf6 2. Nc3 e5 3. Nf3 Nc6 4. e3 g6 5. d4 exd4 6. exd4 Bg7 7. d5 Ne7 8. Be2 d6 9. h3 O-O 10. O-O c6
11. dxc6 bxc6 12. Bd3 d5 13. cxd5 cxd5 14. Ne2 Nf5 15. Bd2 Nd6 16. Bc3 Bb7 17. Rc1 a6 18. Bc2 Nb5 19. Be5 Bh6 20. Bf4 Bg7
21. b4 Nh5 22. Be3 Rc8 23. Bb3 Qd7 24. a4 d4 25. Nfxd4 Rxc1 26. Qxc1 Nxd4 27. Bxd4 Rc8 28. Qa1 Nf4 29. Bxg7 Nxe2+ 30. Kh1 Qxh3#
0-1

[Event "1700s Anonymous"]
[Site "SchemingMind.com"]
[Date "2016.05.04"]
[Round "-"]
[White "basicmann"]
[Black "David Hartley"]
[Result "1-0"]
[WhiteCountry "USA"]
[BlackCountry "ENG"]
[WhiteElo "1852"]
[WhiteRD "95"]
[BlackElo "1794"]
[BlackRD "73"]
[GameID "398678"]

1. e4 e6 2. d4 d5 3. Be3 dxe4 4. Nd2 Nf6 5. f3 exf3 6. Ngxf3 Nbd7 7. Bd3 c5 8. O-O Be7 9. c3 O-O 10. Qe2 a6
11. Ne4 cxd4 12. cxd4 b5 13. Qc2 Bb7 14. Neg5 g6 15. Rad1 Bxf3 16. Nxf3 Re8 17. Kh1 Rc8 18. Qb3 Bf8 19. Rc1 Qe7 20. Rce1 Qd6
21. Ne5 Nxe5 22. Bf4 Qd5 23. Bxe5 Qxb3 24. axb3 Bg7 25. Bxf6
1-0

[Event "1700s Anonymous"]
[Site "SchemingMind.com"]
[Date "2016.04.30"]
[Round "-"]
[White "Clive Everill"]
[Black "basicmann"]
[Result "0-1"]
[WhiteCountry "CZE"]
[BlackCountry "USA"]
[WhiteElo "1675"]
[WhiteRD "55"]
[BlackElo "1805"]
[BlackRD "99"]
[GameID "398679"]

1. e4 c5 2. Nf3 g6 3. d4 cxd4 4. Nxd4 Bg7 5. c4 Qb6 6. Nb3 Nc6 7. Be2 Nf6 8. Nc3 d6 9. Be3 Qd8 10. O-O b6
11. f3 O-O 12. Nd4 Bb7 13. Rc1 Nd7 14. Nxc6 Bxc6 15. b3 Rc8 16. Nd5 e6 17. Nb4 Nb8 18. Qc2 Bb7 19. Qd2 Re8 20. Nc2 Nc6
21. Rfd1 Bf8 22. Na3 d5 23. Nb5 dxe4 24. fxe4 Bb4 25. Qb2 Qe7 26. a3 Bc5 27. Bxc5 Qxc5+ 28. Kh1 Red8 29. Rxd8+ Rxd8 30. b4 Qe3
31. Bf3 Ne5 32. Nxa7 Nd3 33. Qc3 Nf2+
0-1

[Event "1700s Anonymous"]
[Site "SchemingMind.com"]
[Date "2016.04.30"]
[Round "-"]
[White "basicmann"]
[Black "Clive Everill"]
[Result "1/2-1/2"]
[WhiteCountry "USA"]
[BlackCountry "CZE"]
[WhiteElo "1862"]
[WhiteRD "95"]
[BlackElo "1706"]
[BlackRD "55"]
[GameID "398680"]

1. e4 c6 2. d4 d5 3. Be3 dxe4 4. Nd2 Nf6 5. f3 exf3 6. Ngxf3 Bg4 7. Bd3 g6 8. h3 Bd7 9. Qe2 Bg7 10. c3 Nh5
11. Qf2 Qc7 12. g4 Nf6 13. O-O-O a5 14. Ne5 Be6 15. Bc4 Bxc4 16. Ndxc4 O-O 17. Nf3 Nbd7 18. Qh4 Nd5 19. Bf2 Qf4+ 20. Ncd2 Bf6
21. g5 Qxh4 22. Bxh4 Bg7 23. Bf2 Nf4 24. Kc2 Nb6 25. Rde1 e6 26. Ne5 Rfd8 27. Bg3 Nfd5 28. Rhf1 Bxe5 29. Bxe5 Nd7 30. Bg3 b5
31. Ne4 N7b6 32. Nc5 Nc4 33. Rf3 Ra7 34. Re2 b4 35. Na4 bxc3 36. bxc3 Rb7 37. Kd3 Nd6 38. Rb2 Rxb2 39. Nxb2 Nf5 40. Be5 Nh4
41. Rf2 Nf5 42. Nc4 a4 43. Rb2 c5 44. Rb8 Rxb8 45. Bxb8 cxd4 46. cxd4 h6 47. gxh6 Nxh6 48. a3 Kg7 49. Nb2 Nb6 50. Bc7 Nd5
51. Bb8 Nb6 52. Ba7 Nc8 53. Bc5 Nf5 54. Nxa4 Nh4 55. Nc3 Ng2 56. Ke4 Kf6 57. a4 g5 58. d5 exd5+ 59. Nxd5+ Ke6 60. a5 f6
61. a6 f5+ 62. Kd4 g4 63. hxg4 fxg4 64. Nb6 Na7 65. Ke4 Nc6 66. Nd5 g3 67. Nb4 Kd7 68. Bb6=
1/2-1/2

[Event "1700s Anonymous"]
[Site "SchemingMind.com"]
[Date "2016.04.30"]
[Round "-"]
[White "Scooter"]
[Black "basicmann"]
[Result "1-0"]
[WhiteCountry "USA"]
[BlackCountry "USA"]
[WhiteElo "1761"]
[WhiteRD "49"]
[BlackElo "1805"]
[BlackRD "99"]
[GameID "398681"]

1. d4 Nf6 2. Nf3 g6 3. Bf4 Bg7 4. e3 d5 5. Be2 Nbd7 6. O-O O-O 7. Nbd2 Nh5 8. Bg5 h6 9. Bh4 c5 10. c3 b6
11. Ne5 Nxe5 12. dxe5 Bxe5 13. Bxh5 gxh5 14. Qxh5 Bg7 15. Qe2 Be6 16. Rfd1 Qe8 17. e4 d4 18. cxd4 Bxd4 19. Nf3 Bg4 20. Rab1 Bg7
21. h3 Bh5 22. Rd5 e5 23. Rbd1 Qe6 24. Rd6 Bxf3 25. Qxf3 Qxa2 26. Qg3 Kh7 27. Bf6 Rg8 28. Qxe5 Bf8 29. Qf5+ Rg6 30. Rd7 Re8
31. h4 Kg8 32. h5 Rxf6 33. Qxf6 Qe6 34. Qxe6 Rxe6 35. f3 a5 36. Rd8 Kg7 37. Rb8 Be7 38. Rd7 c4 39. Rbb7 Kf6 40. Kf1 Re5
41. Rxb6+
1-0

[Event "1700s Anonymous"]
[Site "SchemingMind.com"]
[Date "2016.04.30"]
[Round "-"]
[White "basicmann"]
[Black "Scooter"]
[Result "1-0"]
[WhiteCountry "USA"]
[BlackCountry "USA"]
[WhiteElo "1805"]
[WhiteRD "99"]
[BlackElo "1761"]
[BlackRD "49"]
[GameID "398682"]

1. e4 c6 2. d4 d5 3. Be3 dxe4 4. Nd2 Bf5 5. f3 exf3 6. Ngxf3 Nf6 7. Bc4 e6 8. c3 Be7 9. Nh4 Be4 10. Nhf3 O-O
11. Qe2 Nbd7 12. h3 Bxf3 13. Nxf3 Ne4 14. Bf2 Ndf6 15. Bd3 Nxf2 16. Qxf2 h6 17. O-O-O Nd5 18. g4 Bg5+ 19. Nxg5 Qxg5+ 20. Kb1 Nf4
21. Bc2 Nd5 22. Rde1 Rad8 23. Qf3 Rfe8 24. h4 Qf4 25. Qd3 Nf6 26. Rhg1 Kf8 27. g5 hxg5 28. hxg5 Ng8 29. Qh7 Rd5 30. g6 f6
31. Ref1 Qh6 32. Rh1 Qg5 33. Qxg7+
1-0

[Event "1700s Anonymous"]
[Site "SchemingMind.com"]
[Date "2016.05.06"]
[Round "-"]
[White "David Hartley"]
[Black "Holty"]
[Result "0-1"]
[WhiteCountry "ENG"]
[BlackCountry "ENG"]
[WhiteElo "1805"]
[WhiteRD "73"]
[BlackElo "1822"]
[BlackRD "62"]
[GameID "398750"]

1. c4 e5 2. Nc3 Bb4 3. Nd5 Nc6 4. Nxb4 Nxb4 5. a3 Nc6 6. b3 Nf6 7. Bb2 d5 8. e3 O-O 9. Nf3 d4 10. exd4 e4
11. Ng1 Nxd4 12. Ne2 Ne6 13. b4 a5 14. Ng3 Nf4 15. f3 exf3 16. Qxf3 Re8+ 17. Be2 Nd3+
0-1

[Event "1700s Anonymous"]
[Site "SchemingMind.com"]
[Date "2016.05.06"]
[Round "-"]
[White "Holty"]
[Black "David Hartley"]
[Result "0-1"]
[WhiteCountry "ENG"]
[BlackCountry "ENG"]
[WhiteElo "1785"]
[WhiteRD "65"]
[BlackElo "1824"]
[BlackRD "70"]
[GameID "398751"]

1. d4 d5 2. Nf3 c5 3. e3 e6 4. b3 Nc6 5. Bb2 Nf6 6. Bd3 Bd6 7. Nbd2 O-O 8. O-O cxd4 9. exd4 a6 10. Ne5 Qc7
11. a3 Nxe5 12. dxe5 Bxe5 13. Bxe5 Qxe5 14. Re1 Qb8 15. c4 Bd7 16. Rc1 Qd8 17. Nf3 dxc4 18. Bxc4 Bc6 19. Ne5 Bd5 20. Bd3 Rc8
21. b4 Rc7 22. Ng4 Nxg4 23. Qxg4 Qb8 24. Qe2 Rfc8 25. Qd2 Rc6 26. Rb1 b5 27. h4 Qc7 28. h5 h6 29. Ra1 Rc3 30. Red1 Qb7
31. f3 R3c7 32. Re1 Re8 33. Rac1 Rxc1 34. Rxc1 Rc8 35. Rc3 Rxc3 36. Qxc3 Qc6 37. Qb2 Qc8 38. Kf2 Bc4 39. Bb1 Qd8 40. Qc1 Qd4+
41. Qe3 Qb2+ 42. Kg3 Qxb1 43. Qa7 Qf5 44. Qa8+ Kh7 45. Qe4 Qxe4 46. fxe4 g6 47. Kg4 g5 48. Kf3 Kg7 49. e5 f5 50. g3 Kf7
0-1

[Event "1700s Anonymous"]
[Site "SchemingMind.com"]
[Date "2016.05.04"]
[Round "-"]
[White "Clive Everill"]
[Black "Holty"]
[Result "0-1"]
[WhiteCountry "CZE"]
[BlackCountry "ENG"]
[WhiteElo "1675"]
[WhiteRD "55"]
[BlackElo "1822"]
[BlackRD "62"]
[GameID "398752"]

1. Nf3 d5 2. d4 c6 3. c4 Nf6 4. Nc3 e6 5. cxd5 exd5 6. Qc2 Na6 7. a3 Nc7 8. Bg5 Ne6 9. Bh4 Be7 10. e3 O-O
11. Bd3 g6 12. O-O Nh5 13. Bxe7 Qxe7 14. Ne5 f5 15. f4 Nf6 16. Rf3 c5 17. Rh3 cxd4 18. exd4 Nxf4 19. Rf3 Ne6 20. Ne2 Ne4
21. Nc3 Nxd4 22. Qd1 Nxf3+ 23. Nxf3 Nxc3 24. bxc3 Qc5+ 25. Kf1 Qxc3 26. Bc2 Qc5 27. Qe2 Bd7 28. Bd3 Rfe8 29. Qd2 Rac8 30. Ng5 Qe3
31. Qxe3 Rxe3 32. Be2 Rc2 33. Bf3 Bc6 34. a4 d4 35. Bxc6 bxc6 36. Nf3 c5 37. Ne1 Rec3 38. Nxc2 Rxc2 39. Rd1 Rc4 40. Ra1 Kf7
41. Kf2 Ke6 42. Ke2 Kd5 43. h3 Rc2+ 44. Kf1 d3 45. Rd1 Kd4 46. g4 fxg4 47. hxg4 Ke3 48. Re1+ Re2 49. Rc1 Kd4 50. g5 c4
51. a5 c3 52. Ra1 c2 53. Ra4+ Kc3 54. Ra1 Kb2
0-1

[Event "1700s Anonymous"]
[Site "SchemingMind.com"]
[Date "2016.05.05"]
[Round "-"]
[White "Holty"]
[Black "Clive Everill"]
[Result "1-0"]
[WhiteCountry "ENG"]
[BlackCountry "CZE"]
[WhiteElo "1822"]
[WhiteRD "62"]
[BlackElo "1675"]
[BlackRD "55"]
[GameID "398753"]

1. d4 d5 2. Nf3 Nf6 3. e3 Bf5 4. c4 c6 5. Nc3 e6 6. Nh4 Be4 7. f3 Bg6 8. Qb3 Qc7 9. Bd2 Be7 10. Rc1 Nbd7
11. Nxg6 hxg6 12. cxd5 exd5 13. Bd3 Rxh2 14. Kf2 Rxh1 15. Nb5 Qb6 16. Rxh1 O-O-O 17. Qc2 Kb8 18. Nc3 Nh5 19. Ne2 Ndf6 20. Bc3 Qc7
21. g4 Ne4+ 22. fxe4 dxe4 23. Bxe4 Nf6 24. Bf3 Nd5 25. a3 Bg5 26. Bd2 Ne7 27. b4 Nc8 28. Rh7 Bf6 29. a4 a6 30. a5 Na7
31. Nc3 Rc8 32. Kg2 Qe7 33. Qb1 Nb5 34. Nxb5 cxb5 35. Rh1 Qd6 36. Qe4 Qd7 37. Rc1 Rxc1 38. Bxc1 Bh4 39. Bd2 Ka7 40. Qd5 Qc7
41. Qc5+ Qxc5 42. dxc5 Bf6 43. c6 bxc6 44. Bxc6 Be7 45. Be8 f5 46. gxf5 gxf5 47. Bg6 Bf6 48. Bxf5 Be5 49. Kf3 Bf6 50. Bg6 Kb7
51. Ke2 Be5 52. Kd3 Kc6 53. Bc3 Bd6 54. e4 Bf8 55. Kd4 Kd6 56. e5+ Kc6 57. Be4+ Kc7 58. Kd5 g5 59. Bf5 Be7 60. Ke6 Bd8
61. Bd4 Kb7 62. Kd7 Bc7 63. e6
1-0

[Event "1700s Anonymous"]
[Site "SchemingMind.com"]
[Date "2016.05.05"]
[Round "-"]
[White "Scooter"]
[Black "Holty"]
[Result "0-1"]
[WhiteCountry "USA"]
[BlackCountry "ENG"]
[WhiteElo "1731"]
[WhiteRD "47"]
[BlackElo "1819"]
[BlackRD "61"]
[GameID "398754"]

1. d4 d5 2. Nf3 c6 3. Bf4 Nf6 4. e3 Qb6 5. b3 Bg4 6. Be2 e6 7. O-O Nbd7 8. Nbd2 Nh5 9. h3 Nxf4 10. exf4 Bxf3
11. Nxf3 Bd6 12. g3 O-O-O 13. Ne5 Rdf8 14. c4 Bxe5 15. dxe5 d4 16. Bf3 Rd8 17. Qe2 Rhe8 18. Rfd1 f6 19. exf6 Nxf6 20. Rd3 c5
21. a3 a5 22. Re1 Qc7 23. Qe5 Re7 24. f5 Qxe5 25. Rxe5 Nd7 26. Re2 e5 27. Bg4 Nf6 28. Rd1 e4 29. Bf3 Ree8 30. Bg2 Re7
31. g4 Rde8 32. g5 Nh5 33. Rde1 e3 34. fxe3 dxe3 35. Bf3 Ng3 36. Rg2 Nxf5 37. Bg4 g6 38. Rge2 Kc7 39. Bxf5 gxf5 40. Kg2 f4
41. Kf3 Rf8 42. Rf1 Kd6 43. Kg4 Ke5 44. Rxe3+ fxe3 45. Rxf8 e2
0-1

[Event "1700s Anonymous"]
[Site "SchemingMind.com"]
[Date "2016.05.05"]
[Round "-"]
[White "Holty"]
[Black "Scooter"]
[Result "1-0"]
[WhiteCountry "ENG"]
[BlackCountry "USA"]
[WhiteElo "1819"]
[WhiteRD "61"]
[BlackElo "1731"]
[BlackRD "47"]
[GameID "398755"]

1. d4 Nf6 2. Nf3 g6 3. c4 Bg7 4. e3 O-O 5. Nc3 d6 6. b3 Bg4 7. Be2 Nbd7 8. Bb2 c6 9. O-O Bxf3 10. Bxf3 e5
11. Qd2 exd4 12. exd4 Re8 13. Rfe1 Qc7 14. Rac1 Rxe1+ 15. Rxe1 Re8 16. Rxe8+ Nxe8 17. Qe3 Nef6 18. Ne2 Qd8 19. Bc3 Qe8 20. Qxe8+ Nxe8
21. d5 Bxc3 22. Nxc3 Ne5 23. Be2 Nf6 24. h3 h5 25. f4 Ned7 26. dxc6 bxc6 27. Bf3 Nb8 28. Ne4 Nxe4 29. Bxe4 f5 30. Bf3 Kf7
31. g4 h4 32. gxf5 gxf5 33. b4 Ke6 34. Kf2 d5 35. cxd5+ cxd5 36. Ke3 Nc6 37. a3 a6 38. Be2 a5 39. b5 Na7 40. Kd4 Kd6
41. Bd3 Ke6 42. a4 Nc8 43. Kc5 Ne7 44. Kb6 d4 45. Kxa5 Nd5 46. b6 Kd7 47. Bxf5+
1-0

[Event "1700s Anonymous"]
[Site "SchemingMind.com"]
[Date "2016.05.05"]
[Round "-"]
[White "Holty"]
[Black "basicmann"]
[Result "1/2-1/2"]
[WhiteCountry "ENG"]
[BlackCountry "USA"]
[WhiteElo "1768"]
[WhiteRD "61"]
[BlackElo "1852"]
[BlackRD "95"]
[GameID "398756"]

1. d4 Nf6 2. Nf3 g6 3. c4 e5 4. e4 exd4 5. e5 Ne4 6. Qxd4 Bb4+ 7. Nbd2 Nxd2 8. Bxd2 Nc6 9. Qf4 Bxd2+ 10. Qxd2 Qe7
11. Qe2 Qb4+ 12. Qd2 Qxd2+ 13. Kxd2 b6 14. Be2 Bb7 15. Rhd1 f6 16. exf6 Rf8 17. a3 O-O-O 18. Ke1 h6 19. Kf1 Rxf6 20. b4 Rdf8
21. Kg1 g5 22. Rf1 g4 23. Nd2 Ne5 24. Rae1 h5 25. Bd1 Nd3 26. Re2 Nf4 27. f3 Nxe2+ 28. Bxe2 gxf3 29. Nxf3 Rf4 30. Rf2 d6
31. Kf1 Re8 32. g3 Rxe2 33. gxf4 Re4 34. Nd2 Re8 35. f5 Rf8 36. Rf4 Kd7 37. Kf2 Ke7 38. Nf3 Bxf3 39. Kxf3 Kf6 40. h4 Re8
41. Kf2 Re5 42. b5 Rxf5=
1/2-1/2

[Event "1700s Anonymous"]
[Site "SchemingMind.com"]
[Date "2016.05.05"]
[Round "-"]
[White "basicmann"]
[Black "Holty"]
[Result "1-0"]
[WhiteCountry "USA"]
[BlackCountry "ENG"]
[WhiteElo "1852"]
[WhiteRD "95"]
[BlackElo "1768"]
[BlackRD "61"]
[GameID "398757"]

1. e4 e6 2. d4 d5 3. Be3 Nf6 4. Nd2 h6 5. Bd3 c5 6. c3 c4 7. Bc2 Nc6 8. e5 Nd7 9. Nh3 Nb6 10. Qh5 Qe7
11. Bg5 Qd7 12. f4 g6 13. Qh4 Be7 14. Rf1 Kd8 15. g4 Qe8 16. Bxe7+ Nxe7 17. Qf6 Nd7 18. Qh4 b5 19. b3 Kc7 20. Qg3 a5
21. Ng1 Qg8 22. Qg2 f5 23. bxc4 bxc4 24. Nxc4 Bb7 25. Na3 Ba6 26. Rf2 Rb8 27. Ba4 Nb6 28. Bb5 Bxb5 29. Nxb5+ Kd7 30. Rb2 Nc4
31. Rbb1 h5 32. g5 h4 33. h3 Ne3 34. Qe2 Nc4 35. a3 a4 36. Qc2 Ra8 37. Rb4 Nb6 38. Nd6 Rb8 39. Rab1 Kc7 40. Qb2 Nec8
41. Rb5 Kd7 42. Qb4 Qf8 43. Ne2 Qe7 44. Nxc8 Qxb4 45. Nxb6+ Rxb6 46. R1xb4 Rxb5 47. Rxb5 Kc6 48. Rb4 Ra8 49. Nc1 Kc7 50. Nd3 Rb8
51. Rxb8 Kxb8 52. Nc5
1-0

[Event "1700s Anonymous"]
[Site "SchemingMind.com"]
[Date "2016.05.29"]
[Round "-"]
[White "David Hartley"]
[Black "svarog"]
[Result "0-1"]
[WhiteCountry "ENG"]
[BlackCountry "SWE"]
[WhiteElo "1794"]
[WhiteRD "73"]
[BlackElo "1890"]
[BlackRD "104"]
[GameID "399686"]

1. e4 c5 2. Nf3 d6 3. d4 cxd4 4. Nxd4 Nf6 5. Nc3 g6 6. Be3 Bg7 7. f3 O-O 8. Bc4 Nc6 9. O-O Bd7 10. Qd2 Rc8
11. a3 Nxd4
0-1

[Event "1700s Anonymous"]
[Site "SchemingMind.com"]
[Date "2016.05.28"]
[Round "-"]
[White "svarog"]
[Black "David Hartley"]
[Result "1-0"]
[WhiteCountry "SWE"]
[BlackCountry "ENG"]
[WhiteElo "1890"]
[WhiteRD "104"]
[BlackElo "1794"]
[BlackRD "73"]
[GameID "399687"]

1. e4 e5 2. Nf3 Nc6 3. Bc4 Nd4 4. Nxd4 exd4 5. d3 Bc5 6. Qh5 Qe7 7. Bxf7+ Qxf7 8. Qxc5 d6 9. Qxd4 Be6 10. Nc3 Nf6
11. Bd2 O-O 12. f4 a6 13. f5 Bd7 14. O-O-O b5 15. h3 c5 16. Qxd6
1-0

[Event "1700s Anonymous"]
[Site "SchemingMind.com"]
[Date "2016.05.31"]
[Round "-"]
[White "Clive Everill"]
[Black "svarog"]
[Result "1/2-1/2"]
[WhiteCountry "CZE"]
[BlackCountry "SWE"]
[WhiteElo "1716"]
[WhiteRD "55"]
[BlackElo "1890"]
[BlackRD "107"]
[GameID "399688"]

1. e4 e5 2. f4 exf4 3. Nf3 d6 4. d4 g5 5. Bc4 h6 6. O-O Bg7 7. g3 Be6 8. Bxe6 fxe6 9. gxf4 g4 10. Ne1 h5
11. Ng2 Nd7 12. Nc3 Qe7 13. Nb5 Nb6 14. b3 a6 15. Nc3 O-O-O 16. Be3 Nf6 17. Qe1 Rdg8 18. Qh4 Bf8 19. e5 Nfd5 20. Nxd5 Nxd5
21. Qxe7 Bxe7 22. Bd2 h4 23. Ne3 Nxe3 24. Bxe3 h3 25. Bf2 Kd7 26. c4 dxe5 27. dxe5 Kc6 28. Rfd1 Rd8 29. Bg3 Rhf8 30. Rxd8 Rxd8
31. Kf1 Rd2 32. Bf2 Bc5 33. Bg3 Bd4 34. Rb1 Rxa2 35. b4 b5 36. cxb5+ axb5 37. Rc1+ Kb7 38. Rd1 Bc3 39. Rb1 Kc6 40. Rb3 Bd4
41. Rd3 Kd5 42. Rd1 Rb2 43. Rc1 c6 44. Rd1 Rxb4 45. Bf2 Ke4 46. Bg3 Rb2 47. Re1+ Kd5 48. Rd1 c5 49. Re1 Ra2 50. f5 exf5
51. e6 Ra8 52. e7 Re8 53. Re2 Bf6 54. Rd2+ Kc6 55. Rd6+ Kb7 56. Rxf6 Rxe7 57. Rxf5 Kc6 58. Rf6+ Kd5 59. Rf5+ Kc6 60. Rf6+ Kd5
61. Rf5+ Kc6 62. Rf6+
1/2-1/2

[Event "1700s Anonymous"]
[Site "SchemingMind.com"]
[Date "2016.05.30"]
[Round "-"]
[White "svarog"]
[Black "Clive Everill"]
[Result "1-0"]
[WhiteCountry "SWE"]
[BlackCountry "CZE"]
[WhiteElo "1905"]
[WhiteRD "106"]
[BlackElo "1706"]
[BlackRD "55"]
[GameID "399689"]

1. c3 e5 2. d4 Nc6 3. g3 d5 4. dxe5 Nxe5 5. Bg2 c6 6. Nf3 Nc4 7. Nbd2 Nxd2 8. Bxd2 Nf6 9. O-O Be7 10. Qc2 g6
11. Bh6 Bf5 12. Qb3 Qc7 13. c4 dxc4 14. Qxc4 Be6 15. Qd4 Rg8 16. Bf4 Qd7 17. Rfd1 Qxd4 18. Nxd4 Bd7 19. Rac1 O-O-O 20. Nb5 b6
21. Nxa7+ Kb7 22. Nxc6 Bxc6 23. Bxc6+ Ka6 24. a4 Nh5 25. Bb5+ Ka5 26. Bd2+ Bb4 27. Bxb4+ Kxb4 28. Rxd8 Rxd8 29. Rc7 f5 30. Rxh7 Kb3
31. Rb7 Rd2 32. Rxb6 Rd1+ 33. Kg2 Kxb2 34. Bd3+ Ka3 35. a5 Rc1 36. Rxg6 Rc7 37. a6 Ka4 38. Bxf5 Ng7 39. Bd3 Ne8 40. h4 Re7
41. Rb6 Rd7 42. Rb7
1-0

[Event "1700s Anonymous"]
[Site "SchemingMind.com"]
[Date "2016.05.28"]
[Round "-"]
[White "Scooter"]
[Black "svarog"]
[Result "0-1"]
[WhiteCountry "USA"]
[BlackCountry "SWE"]
[WhiteElo "1745"]
[WhiteRD "53"]
[BlackElo "1890"]
[BlackRD "104"]
[GameID "399690"]

1. d4 Nf6 2. Nf3 d5 3. Bf4 e6 4. e3 c5 5. Bb5+ Bd7 6. Bxd7+ Nbxd7 7. c3 Be7 8. O-O Nh5 9. Ne5 Nxf4 10. exf4 O-O
11. Nd2 cxd4 12. cxd4 g6 13. a3 Bf6 14. Rc1 Rc8 15. b4 Bg7 16. Qa4 Nxe5 17. fxe5 Bh6 18. Rc2 Qb6 19. Nf3 Rxc2 20. Qxc2 Qa6
21. Qc3 b6 22. g4 Rc8 23. Qb2 Qd3 24. Ne1 Qc3 25. Qxc3 Rxc3 26. a4 a5 27. bxa5 bxa5 28. Ng2 Rd3 29. f4 Rxd4 30. g5 Bf8
31. Ra1 Bc5 32. Kf1 Rd2
0-1